Logos Clubs Foot #1 - Statistiques

Statistiques générales
  • Ce quiz a été pris 4 819 fois
  • Le résultat moyen est 11 sur 16
Statistiques - réponses
Par images Réponse % Correct
Olympique de Marseille
99%
Olympique Lyonnais
99%
FC Barcelone
98%
Liverpool
97%
RC Lens
93%
Montpellier HSC
88%
Lazio Rome
87%
FC Torino
80%
Union Berlin
69%
Levante UD
62%
AFC Bournemouth
58%
US Lecce
58%
Grêmio
40%
Venezia FC
23%
Brescia Calcio
21%
Frosinone Calcio
14%
Aucun quiz correspondant
Distribution des résultats
% des personnes avec chaque résultat
Percentile par nombre de réponses
Votre historique - résultats
Vous n’avez pas pris ce quiz